04741nab a2200337 i 4500003000900000005001700009008004100026040001800067072000800085072000800093072000800101100003300109100002800142100004100170100002100211100003300232100003200265245017700297500007900474520169900553520175002252650001204002650002104014650002104035650001604056650001904072650003504091650002604126773017304152856007804325BR-BrBNA20260113132726.0260113b2022 bl.|r|pooa||| 00| 0 eng | aBR-BrBNAbeng aF04 aP33 aP01 aNascimento, Jaqueline Silva  aVieira, Maria do Carmo  aZárate, Néstor Antonio Heredia  aGoelzer, Ademir  aSilva, Orivaldo Benedito da  aSantos, Cleberton Correia  aGrowth of Campomanesia adamantium (Cambess.) O. Berg, native to Brazilian Cerrado, with green manure in agroecological system contributes to the preservation of the species a Publicação online; 46 ref.; 5 illus.; 9 tables; Summaries (En, Pt)  a Abstract - Campomanesia adamantium (guavira) is a native plant of the Brazilian Cerrado used both as food and as medicine. The plant has undergone indiscriminate over-exploitation in its habitat, which, in association with fires and deforestation, puts the species at risk of extinction. To preserve the species, in situ and ex situ management actions are required and agroecological practices associated with green manuring is the recommended system. In this study, we investigated the development of C. adamantium grown with the green manures Stylosanthes macrocephala, Pueraria phaseoloides, Calopogonium mucunoides, and Cajanus cajan, as well as the chemical and microbiological properties of the soil. The green manures had the highest production of fresh and dry masses at the second cut and C. mucunoides, S. macrocephala, and P. phaseoloides presented the highest nutrient concentrations. C. mucunoides mass decomposed rapidly and influenced the chemical properties of the soil, with a greater role of soil microorganisms in the biochemical process of decomposition of the organic residues. The best-developed and highest yielding plants with the highest leaf nutrient content were obtained for C. adamantium grown with the green manures C. mucunoides and S. macrocephala. The results showed that C. adamantium responded positively to the use of the green manure C. mucunoides with increased leaf production. This agroecological cultivation to contributes for the preservation of C. adamantium and the appropriate use of the natural resources of the Cerrado. Index terms: Guavira; Stylosanthes macrocephala; Pueraria phaseoloides; Calopogonium mucunoides; Cajanus cajan a Resumo - A Campomanesia adamantium (guavira) é nativa do Cerrado brasileiro e utilizada como alimentícia e medicinal. A planta tem sido explorada indiscriminadamente em seu hábitat, o que, somado às queimadas e ao desmatamento, levam-na ao risco de extinção. Para a preservação da espécie, é essencial seu manejo in situ e ex situ, e as práticas agroecológicas associadas à adubação verde são um sistema recomendado. Neste estudo, investigamos o desenvolvimento da C. adamantium cultivada com os adubos verdes Stylosanthes macrocephala, Pueraria phaseoloides, Calopogonium mucunoides e Cajanus cajan, além dos atributos químicos e microbiológicos do solo. Os adubos verdes tiveram maiores produções de massas frescas e secas no segundo corte, e as plantas de C. mucunoides, S. macrocephala e P. phaseoloides tiveram maiores concentrações de nutrientes. A massa do C. mucunoides teve rápida decomposição e influenciou os atributos químicos do solo, havendo maior atuação dos microrganismos do solo no processo bioquímico de decomposição dos resíduos orgânicos. As plantas de C. adamantium mais bem desenvolvidas e com maiores produções e teores de nutrientes nas folhas foram cultivadas com os adubos verdes C. mucunoides e S. macrocephala. Os resultados mostraram que as plantas de C. adamantium respondem positivamente ao uso do adubo verde C. mucunoides, com aumento da produção de folhas. Este cultivo agroecológico contribui para a preservação de C. adamantium e para o uso adequado dos recursos naturais do Cerrado. Termos para indexação: Guavira; Stylosanthes macrocephala; Pueraria phaseoloides; Calopogonium mucunoides; Cajanus cajan aCERRADO aECOLOGIA VEGETAL aESPÉCIE NATIVA aADUBO VERDE aANÁLISE SOLO aPROPRIEDADE FÍSICO-QUÍMICA aMICROBIOLOGIA DE SOLO0 0805dJaboticabal-SP Sociedade Brasileira de Fruticultura 1978o2024-3622tRevista Brasileira de Fruticultura (Brazil)x0100-2945gv. 44(5) p. 1-2; (2022)wBR2025005432 uhttps://www.scielo.br/j/rbf/a/7jxYbYvGZGBShtyGt9NyFtq/?format=pdf&lang=en